Venezianische Malerei der Frührenaissance : von Jacobello del Fiore bis Carpaccio

Saved in:
Bibliographic Details
Other Authors: Jacobello del Fiore (Illustrator)
Carpaccio, Vittore (Illustrator)
Document Type: Book
Language:German
Published: Darmstadt : Wiss. Buchges. , 2002
Subjects:
Related Items:Rezensiert in: [Rezension von: Norbert Schneider, Venezianische Malerei der Frührenaissance]
Author Notes:Norbert Schneider
LEADER 03692cam a2200817 c 4500
001 1167896661
003 DE-627
005 20260421171936.0
007 tu
008 020320s2002 gw ||||| 00| ||ger c
020 |a 3534149122  |q (nur für Mitglieder)  |9 3-534-14912-2 
024 8 |a 14912-2  |q Best.-Nr. 
035 |a (DE-627)1167896661 
035 |a (DE-576)097896667 
035 |a (DE-599)BSZ097896667 
035 |a (OCoLC)50968475 
035 |a (DE-604)BV014273919 
040 |a DE-627  |b ger  |c DE-627  |e rakwb 
041 |a ger 
044 |c XA-DE 
084 |a 46  |2 sdnb 
084 |a 9,10  |2 ssgn 
084 |a LN 10484  |2 rvk  |0 (DE-625)rvk/101884:6 
084 |a LN 84554  |2 rvk  |0 (DE-625)rvk/102416:6 
084 |a 21.02  |2 bkl 
090 |a a 
245 0 0 |a Venezianische Malerei der Frührenaissance  |b von Jacobello del Fiore bis Carpaccio  |c Norbert Schneider 
264 1 |a Darmstadt  |b Wiss. Buchges.  |c 2002 
300 |a 173 S.  |b überw. Ill., graph. Darst. 
336 |a Text  |b txt  |2 rdacontent 
337 |a ohne Hilfsmittel zu benutzen  |b n  |2 rdamedia 
338 |a Band  |b nc  |2 rdacarrier 
505 8 |a Literaturverz. S. 161 - 168 
583 1 |a Archivierung/Langzeitarchivierung gewährleistet  |f SSG  |x XA-DE-BW  |2 pdager  |5 DE-16 
650 4 |a Geschichte 1420-1475 
650 4 |a Malerei ; Geschichte 1420-1475 
689 0 0 |d g  |0 (DE-588)4062501-1  |0 (DE-627)106131613  |0 (DE-576)209144556  |a Venedig  |2 gnd 
689 0 1 |d s  |0 (DE-588)4037220-0  |0 (DE-627)10623871X  |0 (DE-576)209022892  |a Malerei  |2 gnd 
689 0 2 |a z  |2 gnd  |a Geschichte 1300-1500 
689 0 |5 DE-101 
689 1 0 |d g  |0 (DE-588)4062501-1  |0 (DE-627)106131613  |0 (DE-576)209144556  |a Venedig  |2 gnd 
689 1 1 |d s  |0 (DE-588)4037220-0  |0 (DE-627)10623871X  |0 (DE-576)209022892  |a Malerei  |2 gnd 
689 1 2 |a z  |2 gnd  |a Geschichte 1400-1515 
689 1 |5 (DE-627) 
689 2 0 |d s  |0 (DE-588)4049450-0  |0 (DE-627)104117257  |0 (DE-576)209082151  |a Renaissance  |2 gnd 
689 2 1 |d s  |0 (DE-588)4037220-0  |0 (DE-627)10623871X  |0 (DE-576)209022892  |a Malerei  |2 gnd 
689 2 2 |d g  |0 (DE-588)4062501-1  |0 (DE-627)106131613  |0 (DE-576)209144556  |a Venedig  |2 gnd 
689 2 |5 (DE-627) 
700 1 |a Schneider, Norbert  |d 1945-2019  |0 (DE-588)120990393  |0 (DE-627)081014546  |0 (DE-576)261566342  |4 oth 
700 0 |a Jacobello  |c del Fiore  |d 1370-1439  |e Ill.  |0 (DE-588)131679961  |0 (DE-627)512408416  |0 (DE-576)185082017  |4 ill 
700 1 |a Carpaccio, Vittore  |d 1455-1526  |e Ill.  |0 (DE-588)118519204  |0 (DE-627)079321305  |0 (DE-576)160528992  |4 ill 
787 0 8 |i Rezensiert in  |a Ganz, David, 1970 -   |t [Rezension von: Norbert Schneider, Venezianische Malerei der Frührenaissance]  |d 2003  |w (DE-627)1920431497 
889 |w (DE-576)9071959201 
889 |w (DE-627)071959203 
935 |i sf 
935 |i mdedup 
936 r v |a LN 10484  |b Renaissance, Manierismus  |k Kunstgeschichte  |k Kunst nach Ländern bzw. Kontinenten  |k Italien  |k Italienische Kunstgeschichte nach Landschaften  |k Venezien, Friaul  |k Renaissance, Manierismus  |0 (DE-627)1272400670  |0 (DE-625)rvk/101884:6  |0 (DE-576)202400670 
936 r v |a LN 84554  |b Renaissance, Manierismus  |k Kunstgeschichte  |k Kunst nach Ländern bzw. Kontinenten  |k Italien  |k Italienische Kunstgeschichte nach Gattungen  |k Malerei  |k Italienische Malerei nach Zentren und Schulen  |k Venedig  |k Renaissance, Manierismus  |0 (DE-627)1270651005  |0 (DE-625)rvk/102416:6  |0 (DE-576)200651005 
936 b k |a 21.02  |j Geschichte der Malerei  |0 (DE-627)106406698 
951 |a BO 
990 |a Venedig 
990 |a Malerei 
990 |a Geschichte 1300-1500 
990 |a Venedig 
990 |a Malerei 
990 |a Geschichte 1400-1515 
990 |a Renaissance 
990 |a Malerei 
990 |a Venedig 
991 |a Rezensiertes Werk 
999 |a KXP-PPN1167896661  |e 4957196893